LEADER 05121oam 2200661I 450 001 9910800033403321 005 20230803025412.0 010 $a0-429-08881-7 010 $a1-4665-1352-7 024 7 $a10.1201/b13904 035 $a(CKB)2670000000333575 035 $a(EBL)1128535 035 $a(OCoLC)829461087 035 $a(SSID)ssj0000833609 035 $a(PQKBManifestationID)11476953 035 $a(PQKBTitleCode)TC0000833609 035 $a(PQKBWorkID)10952607 035 $a(PQKB)10450147 035 $a(MiAaPQ)EBC1128535 035 $a(Au-PeEL)EBL1128535 035 $a(CaPaEBR)ebr10657416 035 $a(CaONFJC)MIL692744 035 $a(OCoLC)828035878 035 $a(EXLCZ)992670000000333575 100 $a20180331d2013 uy 0 101 0 $aeng 135 $aur|n|---||||| 181 $ctxt 182 $cc 183 $acr 200 00$aMarine nutraceuticals $eprospects and perspectives /$fedited by Se-Kwon Kim 210 1$aBoca Raton, Fla. :$cTaylor & Francis/CRC Press,$d2013. 215 $a1 online resource (459 p.) 225 1 $aNutraceuticals : basic research/clinical applications 225 0$aNutraceuticals : basic research/clinical applications 300 $aDescription based upon print version of record. 311 $a1-322-61462-8 311 $a1-4665-1351-9 320 $aIncludes bibliographical references and index. 327 $aMarine-derived nutraceuticals : trends and prospects / Se-Kwon Kim -- Nutritional value of sea lettuces / Se-Kwon Kim, Ratih Pangestuti -- Prospects and potential applications of seaweeds as neuroprotective agents / Se-Kwon Kim, Ratih Pangestuti -- Chitosan-based biomaterials against diabetes and related complications / Se-Kwon Kim, Fatih Karadeniz -- Nutraceutical benefits of marine steroid derivatives / Se-Kwon Kim, Quang Van Ta -- Nutritional value, bioactive compounds, and health-promoting properties of abalone / Mahanama De Zoyza -- Marine biopolymers in Asian nutraceuticals / Nghia Dang Ngo, Se-Kwon Kim -- Marine natural antihypertensive peptides from styela clava having multi-functions of ace inhibition and no production in endothelial cells / Seok-Chun Ko, Se-Kwon Kim, You-Jin Jeon -- Beneficial effects of marine natural products in auto-immune diseases / Mi Eun Kim ... [et al.] -- Extraction of nutraceuticals from shrimp by-products / Trang Si Trung, Willem Frans Stevens -- Fucoidan : a potential ingredient of marine nutraceuticals / Se Kwon Kim, Thanh-Sang Vo, Dai-Hung Ngo -- 327 $aChitosan for body weight management : current issues and future directions / Soon Kong Yong, Wong Tin Wui -- Prospects of indonesian uncultivated macroalgae for anticancer nutraceuticals / Hari Eko Irianto, Ariyanti Suhita Dewi -- Active ingredients from marine microorganisms for modern nutraceuticals / Se-Kwon Kim, Pradeep Dewapriya -- Potent anticancer actions of omega-3 polyunsaturated fatty acids of marine nutraceuticals / Kaipeng Jing, Kyu Lim -- Chitosan application in dentistry / Yoshihiko Hayashi ... [et al.] -- Edible marine invertebrates : a promising source of nutraceuticals / Se-Kwon Kim, Himaya S.W.A. -- Chitosan and its derivatives : potential use as nutraceuticals / Jae-Young Je, Se-Kwon Kim -- Marine sulfated polysaccharides with an unusual regular inhibitors-independent anticoagulant mechanism / Bianca F. Glauser, Vitor H. Pomin, Paulo A.S. Mourao -- Enzymatic production of n-acetyl-d-glucosamine using the enzyme from the liver of squid / Masahiro Matsumiya -- High density chitin-chitosan production and beneficial in health / Siswa Setyahadi -- Antioxidant effects of marine food-derived functional ingredients / Se-Kwon Kim, Dai-Hung Ngo, Thanh-Sang Vo -- Biological and biomedical applications of marine nutraceuticals / Janaka Vidanarachchi, Maheshika S. Kurukulasuriya, W.M.N.M. Wijesundara -- Fucoidans from marine brown macroalgae : isolation, identification and potential biological activities / Yasantha Athukorala, Yvonne V. Yuan. 330 $aThe marine environment is rich in biological and chemical diversity and is the source of molecules that can be used to create a range of products. Marine organisms contain various unique bioactive substances, which can be transformed into active substances by bioconversion technology through membrane bioreactors. This book discusses recent advances in marine nutraceutical research and includes a wide range of applications in both traditional Chinese medicine practice as well as contemporary medicine. The book clarifies the historic misconceptions of marine-derived medicines and provides insigh 410 0$aNutraceuticals: Basic Research/Clinical Applications 606 $aDietary supplements 606 $aAquatic organisms 606 $aSeafood 615 0$aDietary supplements. 615 0$aAquatic organisms. 615 0$aSeafood. 676 $a615.3/2 701 $aKim$b Se-Kwon$0780947 801 0$bMiAaPQ 801 1$bMiAaPQ 801 2$bMiAaPQ 906 $aBOOK 912 $a9910800033403321 996 $aMarine nutraceuticals$93874993 997 $aUNINA LEADER 03304nam 2200493z- 450 001 9910842274403321 005 20231214133057.0 035 $a(CKB)5400000000045401 035 $a(oapen)https://directory.doabooks.org/handle/20.500.12854/78896 035 $a(EXLCZ)995400000000045401 100 $a20202202d2021 |y 0 101 0 $aeng 135 $aurmn|---annan 181 $ctxt$2rdacontent 182 $cc$2rdamedia 183 $acr$2rdacarrier 200 10$aHuman-elephant interactions: from past to present 210 $aTübingen$cTübingen University Press$d2021 215 $a1 electronic resource (398 p.) 225 1 $aTuebingen Paleoanthropology Book Series ? Contributions in Paleoanthropology$v01 311 $a3-947251-49-1 330 $aIn recent decades, a significant number of Pleistocene (ca. 2.6 million years?10,000 years ago) open-air and cave sites yielding elephant or mammoth bones in direct association with hominin remains and/or lithic artifacts have been discovered in Eurasia, Africa and America. Many of them show strong evidence of acquisition and processing of proboscidean carcasses by early humans, leading scientists to interpret them as ?elephant butchering sites?. Indeed, proboscidean exploitation by early Homo has been proposed to have been critical for Palaeolithic human lifeways, influencing not only their subsistence, but also other aspects of early human evolution and adaptations. The nature and degree of interactions between humans and elephants comprises an important field in palaeoanthropological studies since decades, but many questions remain still unanswered or partially explored. By bringing together research papers from the fields of Palaeolithic Archaeology, Palaeoanthropology, Palaeontology, Zooarchaeology, Geology, Ethnography and Nutrition Studies, the book systematically covers a diverse array of perspectives on elephant-human interactions across the world from the Pleistocene times until today. The volume includes 19 contributions and is organized into four thematic sections: 1) The Palaeolithic record, 2) A view of the evidence, 3) Elephants in past human nutrition, and 4) Ethnography ? Human-elephant interactions in recent Africa. Collectively, the volume not only showcases the current state of knowledge, but also intends to provoke renewed interest for current and further research, and build an interdisciplinary and synthetic understanding of the significance of proboscideans throughout human evolution. 517 $aHuman-elephant interactions 606 $aPrehistoric archaeology$2bicssc 610 $aElephants 610 $aMammoth 610 $aPleistocene 610 $aPaleanthropology 610 $aPaleontology 610 $aArchaeozoology 610 $aEthnology 615 7$aPrehistoric archaeology 700 $aKonidaris$b George E$4edt$01732877 702 $aBarkai$b Ran$4edt 702 $aTourloukis$b Vangelis$4edt 702 $aHarvati$b Katerina$4edt 702 $aKonidaris$b George E$4oth 702 $aBarkai$b Ran$4oth 702 $aTourloukis$b Vangelis$4oth 702 $aHarvati$b Katerina$4oth 906 $aBOOK 912 $a9910842274403321 996 $aHuman-elephant interactions: from past to present$94147803 997 $aUNINA